[Event "Prestwick Airport Major"]
[Site "Prestwick"]
[Date "2011.05.14"]
[Round "2"]
[White "Loughran, Robert"]
[Black "Giulian, Rosie A"]
[Result "1/2-1/2"]
[WhiteElo "1581"]
[BlackElo "1822"]
[PlyCount "110"]
[EventDate "2011.05.15"]
[EventRounds "5"]
[EventCountry "SCO"]

1. d4 e6 2. Nf3 Nf6 3. c3 b5 4. g3 Bb7 5. Bg2 Be7 6. O-O O-O 7. Bg5 a5 8. a4 b4
9. c4 c5 10. b3 h6 11. Bc1 cxd4 12. Nxd4 Bxg2 13. Kxg2 d5 14. Nd2 Qb6 15. e3
Rd8 16. Bb2 dxc4 17. Nxc4 Qc5 18. Qf3 Ra7 19. Nb5 Ra6 20. Rad1 Nbd7 21. Rd3 e5
22. e4 Bf8 23. Rfd1 Qe7 24. Nc7 Rc6 25. Nd5 Nxd5 26. Rxd5 Rc5 27. Nxa5 Rxd5 28.
Rxd5 Rc8 29. Nc4 f6 30. Qd3 Nc5 31. Qe3 Qe6 32. f3 Qa6 33. Bc1 Nxa4 34. Nxe5
Rc2+ 35. Kh3 Qc8+ 36. Nd7 Rxc1 37. bxa4 Rc3 38. Qb6 Rc6 39. Qb8 Qxb8 40. Nxb8
Rc8 41. Rb5 Rc3 42. a5 b3 43. a6 Bc5 44. Nc6 Be3 45. a7 Bxa7 46. Nxa7 Rc7 47.
Rxb3 Rxa7 48. f4 g6 49. Re3 Kf7 50. Kg4 h5+ 51. Kf3 Ra2 52. h3 Rb2 53. e5 f5
54. g4 hxg4+ 55. hxg4 Rb6 1/2-1/2

[Event "Prestwick Airport Major"]
[Site "Prestwick"]
[Date "2011.05.14"]
[Round "2"]
[White "Malcolm, Duncan"]
[Black "Cunningham, Jim M"]
[Result "0-1"]
[WhiteElo "1662"]
[BlackElo "1462"]
[PlyCount "117"]
[EventDate "2011.05.15"]
[EventRounds "5"]
[EventCountry "SCO"]

1. d4 d6 2. e4 Nf6 3. Bd3 e5 4. c3 d5 5. f3 Nbd7 6. Bg5 Be7 7. Ne2 dxe4 8. fxe4
Ng4 9. Bxe7 Qxe7 10. Ng3 Qh4 11. Qf3 Nxh2 12. Qf2 Nf6 13. Nd2 Nfg4 14. Nf3 Nxf2
15. Nxh4 Nxh1 16. Nxh1 O-O 17. Ng3 Ng4 18. Ke2 g6 19. Rh1 exd4 20. cxd4 c6 21.
Nf3 Nf6 22. Ne5 Be6 23. b3 Rad8 24. Nf3 Rfe8 25. Rd1 Bg4 26. Bc2 Nh5 27. Nxh5
Bxh5 28. Ke3 Re7 29. Rd2 Bg4 30. Nh2 Bf5 31. Kf4 Bc8 32. b4 f6 33. g4 g5+ 34.
Kf3 Be6 35. a3 Kg7 36. Nf1 Red7 37. Ne3 Rxd4 38. Rxd4 Rxd4 39. Ke2 h6 40. Ke1
Kf8 41. Ke2 Bc4+ 42. Kf3 Rd2 43. Bd1 Be6 44. Bc2 Rh2 45. Kg3 Rh4 46. Bd1 Rh1
47. Kg2 Rh4 48. Bf3 Ke7 49. Kg3 Kd6 50. Kg2 Ke5 51. Kg3 Kd4 52. Nf5+ Bxf5 53.
exf5 Kc3 54. b5 cxb5 55. Bxb7 a5 56. Bc6 b4 57. axb4 axb4 58. Be4 b3 59. Bb1
0-1

[Event "Prestwick Airport Major"]
[Site "Prestwick"]
[Date "2011.05.14"]
[Round "2"]
[White "McCurley, Arthur"]
[Black "Monaghan, Mark"]
[Result "1-0"]
[WhiteElo "1487"]
[BlackElo "1675"]
[PlyCount "101"]
[EventDate "2011.05.15"]
[EventRounds "5"]
[EventCountry "SCO"]

1. d4 Nf6 2. c4 e6 3. Nc3 Bb4 4. Qc2 c5 5. dxc5 Bxc5 6. Bf4 a6 7. Nf3 Nc6 8. e3
O-O 9. a3 Qe7 10. O-O-O e5 11. Bg5 Qd8 12. Bd3 h6 13. Bh4 b5 14. cxb5 axb5 15.
Bxf6 Qxf6 16. Ne4 Bxe3+ 17. fxe3 Qd8 18. Bxb5 Na7 19. Bd3 d5 20. Nc3 Bg4 21.
Be2 Qb6 22. Kb1 Qxe3 23. Nxd5 Qf2 24. Bd3 Qxc2+ 25. Bxc2 Nc6 26. h3 Bxf3 27.
gxf3 Nd4 28. Nc3 Nxf3 29. Be4 Nd4 30. Bxa8 Rxa8 31. Rhe1 f6 32. Rd3 Kh7 33. Ne2
Ne6 34. Rdd1 Ra4 35. Ka2 Ng5 36. b4 Ne4 37. Rd7 Ra6 38. Rg1 Ng5 39. h4 Ne6 40.
Rgd1 Nf4 41. Nxf4 exf4 42. Rf1 Kg6 43. Rxf4 f5 44. Rd5 Rf6 45. b5 Rf8 46. b6
Re8 47. Kb3 Re4 48. Kc3 Re8 49. Rdxf5 Re3+ 50. Kc4 Re1 51. b7 1-0

[Event "Prestwick Airport Major"]
[Site "Prestwick"]
[Date "2011.05.14"]
[Round "2"]
[White "Milton, Carl"]
[Black "Barker, Luke"]
[Result "1/2-1/2"]
[WhiteElo "676"]
[BlackElo "1644"]
[PlyCount "79"]
[EventDate "2011.05.15"]
[EventRounds "5"]
[EventCountry "SCO"]

1. d4 Nf6 2. Nf3 c6 3. c4 g6 4. Bg5 Ne4 5. Bf4 Qa5+ 6. Nbd2 Bg7 7. Qc2 Nxd2 8.
Bxd2 Qc7 9. e3 O-O 10. Bd3 d6 11. Bc3 Nd7 12. O-O Re8 13. Rac1 e5 14. Rfd1 Nf6
15. dxe5 dxe5 16. Bxe5 Rxe5 17. Nxe5 Qxe5 18. Be2 Bf5 19. Bd3 Be6 20. b3 Ng4
21. g3 Qc7 22. Be2 h5 23. Rd2 Bf5 24. Bd3 Be6 25. Rcd1 Ne5 26. Be2 h4 27. Kg2
Bf5 28. e4 h3+ 29. Kf1 Bg4 30. Bxg4 Nxg4 31. Kg1 Ne5 32. Qc3 Qe7 33. Qe3 Kh7
34. f4 Ng4 35. Qf3 Qc5+ 36. Kh1 f5 37. exf5 gxf5 38. Re2 Bd4 39. b4 Qxb4 40.
Qd3 1/2-1/2

[Event "Prestwick Airport Major"]
[Site "Prestwick"]
[Date "2011.05.14"]
[Round "2"]
[White "Moore, Robin"]
[Black "Govan, Blair"]
[Result "1-0"]
[WhiteElo "1581"]
[BlackElo "1353"]
[PlyCount "71"]
[EventDate "2011.05.15"]
[EventRounds "5"]
[EventCountry "SCO"]

1. e4 c6 2. d4 d5 3. e5 Bf5 4. h4 h5 5. Bd3 Bxd3 6. Qxd3 e6 7. Nd2 Nd7 8. Ngf3
c5 9. c3 Qc7 10. O-O Ne7 11. Ng5 g6 12. Ndf3 Bg7 13. Nxf7 Kxf7 14. Ng5+ Kg8 15.
Nxe6 Qb6 16. Ng5 c4 17. Qe2 Nf5 18. g3 Re8 19. Bf4 Nf8 20. Qf3 Qc6 21. b3 b5
22. bxc4 bxc4 23. Rfb1 Ne6 24. Rb2 Nxg5 25. Bxg5 Kh7 26. Rab1 Rhf8 27. Qg2 Rf7
28. Rb5 Bxe5 29. dxe5 Rxe5 30. Rb8 Qe6 31. Kh2 Nd6 32. Rd8 Rxf2 33. Qxf2 Re2
34. Rd7+ Nf7 35. Rxf7+ Kg8 36. Rf8+ 1-0

[Event "Prestwick Airport Major"]
[Site "Prestwick"]
[Date "2011.05.14"]
[Round "2"]
[White "Mulholland, Arthur L"]
[Black "Alomenu, Gilbert"]
[Result "0-1"]
[WhiteElo "1687"]
[BlackElo "1154"]
[PlyCount "82"]
[EventDate "2011.05.15"]
[EventRounds "5"]
[EventCountry "SCO"]

1. d4 e5 2. dxe5 Nc6 3. Nf3 Qe7 4. Bg5 Qb4+ 5. Bd2 Qxb2 6. Bc3 Bb4 7. Nfd2 Bxc3
8. Nxc3 Qxc3 9. Rb1 Qxe5 10. Rb3 Nge7 11. e3 d5 12. Be2 O-O 13. O-O Be6 14. Nf3
Qd6 15. Rb5 a6 16. Rb2 Bg4 17. h3 Bxf3 18. Bxf3 Ne5 19. Be2 Rfe8 20. Rxb7 Reb8
21. Qb1 Rxb7 22. Qxb7 Qc6 23. Qb2 Nc4 24. Qb4 Qd6 25. Qb7 Qc6 26. Qb4 Nf5 27.
Rb1 Qb6 28. Qe1 Qe6 29. Qb4 Nb6 30. Qf4 Nd6 31. Qb4 Qe4 32. Qc3 Ndc4 33. Bf3
Qe5 34. Qd3 Re8 35. Rb4 Qa1+ 36. Kh2 Qe5+ 37. g3 Qf6 38. Qe2 Qc3 39. Rb3 Qd2
40. Qd3 Qxf2+ 41. Bg2 Nxe3 0-1

[Event "Prestwick Airport Major"]
[Site "Prestwick"]
[Date "2011.05.14"]
[Round "2"]
[White "Pearson, Walter J"]
[Black "Murphy, George A A"]
[Result "0-1"]
[WhiteElo "1505"]
[BlackElo "1739"]
[PlyCount "62"]
[EventDate "2011.05.15"]
[EventRounds "5"]
[EventCountry "SCO"]

1. e4 d6 2. d4 Nf6 3. f3 Nbd7 4. c4 e5 5. Be3 g6 6. Nc3 Bg7 7. Qd2 O-O 8. Nge2
exd4 9. Nxd4 Ne5 10. Be2 Be6 11. b3 Qe7 12. Rc1 c6 13. O-O Rfd8 14. Rfd1 a6 15.
h3 Ned7 16. Nxe6 Qxe6 17. Qxd6 Qe8 18. Qc7 Rab8 19. Na4 Nh5 20. g4 Be5 21. Qa5
Nf4 22. Bf1 Qe7 23. Qe1 Bc7 24. Rc2 Ne5 25. Rxd8+ Rxd8 26. Qg3 Ned3 27. Bxf4
Bxf4 28. Qg2 Ne1 29. Qe2 Nxc2 30. Qxc2 Rd2 31. Qc3 Qh4 0-1

[Event "Prestwick Airport Major"]
[Site "Prestwick"]
[Date "2011.05.14"]
[Round "2"]
[White "Perkin, Chris"]
[Black "Kleboe, James P R"]
[Result "0-1"]
[WhiteElo "1797"]
[BlackElo "1481"]
[PlyCount "84"]
[EventDate "2011.05.15"]
[EventRounds "5"]
[EventCountry "SCO"]

1. e4 c6 2. d4 d5 3. exd5 cxd5 4. c4 Nf6 5. Nc3 Nc6 6. Nf3 Bg4 7. cxd5 Nxd5 8.
Bc4 e6 9. Nxd5 exd5 10. Be2 Bd6 11. Be3 O-O 12. O-O Kh8 13. Rc1 Qd7 14. Ng5 f5
15. Bxg4 fxg4 16. Qd3 g6 17. Bd2 Rae8 18. Rce1 Kg7 19. h4 Rxe1 20. Rxe1 Re8 21.
Rxe8 Qxe8 22. Qe3 Qxe3 23. Bxe3 Nd8 24. f3 h6 25. fxg4 hxg5 26. Bxg5 Ne6 27.
Be3 Bf4 28. Bf2 Bc1 29. b3 Bb2 30. Kf1 Bxd4 31. Bg3 Kf6 32. Ke2 Be5 33. Bf2 b6
34. g3 Nc5 35. Be3 Ne4 36. Kf3 Bxg3 37. Bg5+ Nxg5+ 38. hxg5+ Kxg5 39. Kxg3 d4
40. Kf3 d3 41. Ke3 Kxg4 42. Kxd3 Kf3 0-1

[Event "Prestwick Airport Major"]
[Site "Prestwick"]
[Date "2011.05.14"]
[Round "2"]
[White "Smalls, Jim A"]
[Black "Weir, J Len"]
[Result "0-1"]
[WhiteElo "1766"]
[BlackElo "1509"]
[PlyCount "106"]
[EventDate "2011.05.15"]
[EventRounds "5"]
[EventCountry "SCO"]

1. e4 Nf6 2. e5 Nd5 3. d4 Nc6 4. Nf3 d6 5. Bb5 a6 6. Bxc6+ bxc6 7. O-O Bg4 8.
Re1 e6 9. c4 Nb6 10. Nbd2 dxe5 11. Rxe5 Be7 12. h3 Bxf3 13. Qxf3 O-O 14. Qxc6
Qxd4 15. Re4 Qd7 16. Qxd7 Nxd7 17. b3 Bf6 18. Rb1 Nc5 19. Re2 Rfd8 20. Ba3 Nd3
21. Ne4 Be5 22. Kf1 Nf4 23. Re3 Bd4 24. Rf3 e5 25. h4 f5 26. Ng3 g6 27. h5 Ne6
28. hxg6 hxg6 29. Ne2 e4 30. Rg3 Kf7 31. Nxd4 Rxd4 32. Rh3 Ng5 33. Rg3 Ne6 34.
Rh3 g5 35. Rh7+ Kg6 36. Re7 Kf6 37. Rh7 Re8 38. Bb2 Kg6 39. Rxc7 Nxc7 40. Bxd4
Ne6 41. Bc3 Rd8 42. g3 Rd3 43. Rc1 f4 44. Be5 Kf5 45. gxf4 gxf4 46. Bb8 Rd2 47.
a3 Nd4 48. b4 f3 49. Ba7 Ne2 50. Ra1 Rd7 51. Be3 Rh7 52. Ke1 Rh1+ 53. Kd2 Rxa1
0-1

[Event "Prestwick Airport Major"]
[Site "Prestwick"]
[Date "2011.05.14"]
[Round "3"]
[White "Alomenu, Gilbert"]
[Black "Connor, Michael I"]
[Result "0-1"]
[WhiteElo "1154"]
[BlackElo "1690"]
[PlyCount "98"]
[EventDate "2011.05.15"]
[EventRounds "5"]
[EventCountry "SCO"]

1. d4 Nf6 2. Nf3 g6 3. Bf4 Bg7 4. Nc3 d5 5. e3 c5 6. Be2 O-O 7. Ne5 cxd4 8.
exd4 Nc6 9. h4 h5 10. g4 Nxe5 11. Bxe5 Nxg4 12. Bxg7 Kxg7 13. Bxg4 Bxg4 14. f3
Bf5 15. Rg1 e5 16. Qe2 Qxh4+ 17. Qf2 Qxf2+ 18. Kxf2 Rac8 19. Rac1 exd4 20. Nxd5
Rxc2+ 21. Rxc2 Bxc2 22. Nf4 Kh6 23. Rc1 d3 24. Ke3 Rd8 25. Kd2 g5 26. Ng2 f5
27. Ne1 h4 28. Nxc2 dxc2+ 29. Ke2 Rc8 30. Kf2 g4 31. fxg4 fxg4 32. Kg2 Kg5 33.
Kf2 Kf4 34. Ke2 h3 35. Rf1+ Ke4 36. Rc1 g3 37. Kd2 g2 38. Re1+ Kf3 39. Re3+ Kf4
40. Re1 c1=Q+ 41. Rxc1 Rxc1 42. Kxc1 g1=Q+ 43. Kc2 Ke4 44. a3 h2 45. Kb3 h1=Q
46. Ka4 Qd1+ 47. b3 Qd4+ 48. b4 Qdd1+ 49. Kb5 Qd5+ 0-1

[Event "Prestwick Airport Major"]
[Site "Prestwick"]
[Date "2011.05.14"]
[Round "3"]
[White "Barker, Luke"]
[Black "Curran, Andrew D"]
[Result "1-0"]
[WhiteElo "1644"]
[BlackElo "1458"]
[PlyCount "73"]
[EventDate "2011.05.15"]
[EventRounds "5"]
[EventCountry "SCO"]

1. d4 f5 2. e4 fxe4 3. Nc3 Nf6 4. f3 d5 5. Bg5 Nc6 6. Bxf6 exf6 7. Bb5 Bf5 8.
fxe4 Bxe4 9. Nxe4 Qe7 10. Qh5+ g6 11. Qxd5 Rd8 12. Bxc6+ bxc6 13. Qxc6+ Kf7 14.
Ne2 f5 15. O-O Kg7 16. N4g3 Qe3+ 17. Kh1 Bd6 18. Rf3 Qh6 19. Rxf5 Rhe8 20. Re5
Rxe5 21. dxe5 Bxe5 22. Qe4 Bd6 23. h3 Rd7 24. Rf1 Re7 25. Qf3 Re5 26. Qf6+ Kg8
27. Qd8+ Kg7 28. Qf6+ Kg8 29. Nd4 Qe3 30. Nf3 Re6 31. Qh4 Be7 32. Qc4 Kh8 33.
Re1 Qxe1+ 34. Nxe1 Rxe1+ 35. Kh2 Bd6 36. Qc3+ Kg8 37. Qxe1 1-0

[Event "Prestwick Airport Major"]
[Site "Prestwick"]
[Date "2011.05.14"]
[Round "3"]
[White "Deary, David"]
[Black "Livie, George W G"]
[Result "1/2-1/2"]
[WhiteElo "1530"]
[BlackElo "1618"]
[PlyCount "98"]
[EventDate "2011.05.15"]
[EventRounds "5"]
[EventCountry "SCO"]

1. e4 c5 2. f4 Nc6 3. Bc4 e6 4. Bb3 Na5 5. Ba4 a6 6. c3 b5 7. Bc2 d5 8. e5 d4
9. Be4 Bb7 10. d3 Ne7 11. Qf3 Bd5 12. cxd4 cxd4 13. Ne2 Rc8 14. O-O Nf5 15.
Bxd5 Qxd5 16. Qxd5 exd5 17. g4 Ne3 18. Bxe3 dxe3 19. Nbc3 Rd8 20. d4 Nc4 21. b3
Nd2 22. Rfd1 Bb4 23. Kg2 Ke7 24. f5 Rd7 25. Rdc1 Ba5 26. Nd1 Ne4 27. Nxe3 Bd2
28. Nxd5+ Rxd5 29. Rc2 b4 30. a3 a5 31. axb4 Bxb4 32. Rc7+ Rd7 33. Rac1 Rhd8
34. d5 Rxc7 35. Rxc7+ Rd7 36. d6+ Ke8 37. Rc8+ Rd8 38. Rc7 f6 39. Rxg7 fxe5 40.
Re7+ Kf8 41. Rxe5 Nxd6 42. Nf4 Re8 43. Ne6+ Kg8 44. h4 Rc8 45. Nd4 Ra8 46. Ne6
Bc3 47. Re3 Nb5 48. Rd3 Bb4 49. h5 Re8 1/2-1/2

[Event "Prestwick Airport Major"]
[Site "Prestwick"]
[Date "2011.05.14"]
[Round "3"]
[White "Giulian, Rosie A"]
[Black "Perkin, Chris"]
[Result "0-1"]
[WhiteElo "1822"]
[BlackElo "1481"]
[PlyCount "76"]
[EventDate "2011.05.15"]
[EventRounds "5"]
[EventCountry "SCO"]

1. e4 e6 2. d4 d5 3. Nd2 dxe4 4. Nxe4 Bd7 5. Nf3 Bc6 6. Bd3 Nd7 7. O-O Ngf6 8.
Qe2 Bxe4 9. Bxe4 Nxe4 10. Qxe4 c6 11. c3 Nf6 12. Qe2 Qc7 13. h3 Bd6 14. a4 a5
15. Ne5 O-O 16. Re1 Rad8 17. Nc4 Be7 18. Qe5 Qc8 19. Nxa5 Rd5 20. Qe2 Rxa5 21.
c4 Qc7 22. c5 Rd8 23. b4 Raa8 24. Bb2 Nd5 25. Qc4 Qf4 26. Bc1 Qh4 27. b5 Bf6
28. Bb2 Ne7 29. Qc2 Bxd4 30. Re4 Bxf2+ 31. Kf1 Qg3 32. Ra3 Qg6 33. Kxf2 Rd5 34.
Rg3 Rf5+ 35. Rf3 Rg5 36. Kg1 Nf5 37. Rd3 Rg3 38. Be5 Ne3 0-1

[Event "Prestwick Airport Major"]
[Site "Prestwick"]
[Date "2011.05.14"]
[Round "3"]
[White "Glen, Hamish"]
[Black "Thomas, Daniel R"]
[Result "1/2-1/2"]
[WhiteElo "1587"]
[BlackElo "1431"]
[PlyCount "145"]
[EventDate "2011.05.15"]
[EventRounds "5"]
[EventCountry "SCO"]

1. e4 d5 2. e5 c5 3. c3 d4 4. Bc4 e6 5. cxd4 cxd4 6. Nf3 a6 7. d3 Nc6 8. a3
Nxe5 9. Nxe5 Qa5+ 10. Nd2 Qxe5+ 11. Qe2 Qxe2+ 12. Kxe2 b5 13. Ba2 Bb7 14. f3
Nf6 15. Nb3 Rd8 16. Na5 Ba8 17. Bg5 Be7 18. Rac1 Nd5 19. Bd2 Kd7 20. b4 Rc8 21.
Nb3 Nc3+ 22. Bxc3 dxc3 23. d4 Bd5 24. Rc2 Bxb3 25. Bxb3 Bg5 26. f4 Bf6 27. Kd3
Ke7 28. Rxc3 Rxc3+ 29. Kxc3 Rc8+ 30. Kd3 Rd8 31. d5 exd5 32. Rc1 Bb2 33. Rc7+
Rd7 34. Rxd7+ Kxd7 35. a4 Kd6 36. axb5 axb5 37. g3 f5 38. h3 h5 39. Bd1 g6 40.
Bb3 Bf6 41. Bd1 Bd8 42. Bb3 Bb6 43. Ke2 Bd4 44. Kf3 Bc3 45. g4 Bxb4 46. gxh5
gxh5 47. Ke3 h4 48. Bc2 Bc5+ 49. Kd3 Ke6 50. Bb3 b4 51. Bd1 Bf2 52. Ke2 Bg3 53.
Kf3 d4 54. Bb3+ Kd6 55. Bc2 Kc5 56. Bxf5 Kc4 57. Bb1 Kc3 58. Ke4 b3 59. f5 Bd6
60. f6 Bf8 61. Bd3 Bc5 62. Bb1 Kb2 63. Bd3 Kc3 64. Bb1 Ba3 65. f7 Bf8 66. Bd3
Bg7 67. Bb1 Kb2 68. Bd3 Kc1 69. f8=Q Bxf8 70. Kxd4 Kd2 71. Bf5 Bh6 72. Bb1 Ke2
73. Kc3 1/2-1/2

[Event "Prestwick Airport Major"]
[Site "Prestwick"]
[Date "2011.05.14"]
[Round "3"]
[White "Govan, Blair"]
[Black "Mackay, Ian W"]
[Result "0-1"]
[WhiteElo "1353"]
[BlackElo "1554"]
[PlyCount "84"]
[EventDate "2011.05.15"]
[EventRounds "5"]
[EventCountry "SCO"]

1. e4 c6 2. d4 d5 3. Nc3 dxe4 4. Nxe4 Nf6 5. Nxf6+ gxf6 6. Bf4 Bf5 7. c3 Nd7 8.
h3 e6 9. Nf3 Qb6 10. Qb3 h5 11. Qxb6 Nxb6 12. O-O-O Nd5 13. Bd2 O-O-O 14. Ne1
c5 15. Bd3 Bg6 16. Bxg6 fxg6 17. Nf3 Bd6 18. Rhe1 Rhe8 19. Re2 c4 20. Rde1 Kd7
21. g3 b5 22. h4 a5 23. Kc2 b4 24. Ra1 Ra8 25. Ree1 a4 26. Reb1 Rec8 27. Ne1
b3+ 28. axb3 cxb3+ 29. Kd1 Nb6 30. Nd3 Nc4 31. Bf4 e5 32. dxe5 fxe5 33. Bc1 e4
34. Nf4 Ne5 35. Nd5 Kc6 36. Nf6 Rd8 37. Ke2 Nd3 38. Nxe4 Nxc1+ 39. Rxc1 Re8 40.
Kf3 a3 41. Nxd6 Rf8+ 42. Ke2 axb2 0-1

[Event "Prestwick Airport Major"]
[Site "Prestwick"]
[Date "2011.05.14"]
[Round "3"]
[White "Kleboe, James P R"]
[Black "Cunningham, Jim M"]
[Result "1-0"]
[WhiteElo "1797"]
[BlackElo "1462"]
[PlyCount "105"]
[EventDate "2011.05.15"]
[EventRounds "5"]
[EventCountry "SCO"]

1. e4 d6 2. d4 Nf6 3. Nc3 g6 4. f3 Bg7 5. Be3 c6 6. Bc4 b5 7. Bb3 b4 8. Na4 a5
9. Ne2 Ba6 10. O-O Nbd7 11. Re1 Nb6 12. Nxb6 Qxb6 13. c3 c5 14. Ng3 c4 15. d5
Qb8 16. Ba4+ Bb5 17. Bd4 O-O 18. Bc2 Nd7 19. Bxg7 Kxg7 20. Qd4+ Kg8 21. f4 Qb6
22. Rad1 Qxd4+ 23. Rxd4 Rfe8 24. Re3 Kf8 25. Ne2 h5 26. Rd2 Ra7 27. Nd4 Rb7 28.
Nxb5 Rxb5 29. Ba4 Rb7 30. Bc6 Rc7 31. Rd4 Rec8 32. e5 Nb8 33. Bb5 Nd7 34. Ba6
dxe5 35. fxe5 Rb8 36. Rxc4 Rxc4 37. Bxc4 bxc3 38. bxc3 Ke8 39. e6 Rb1+ 40. Kf2
Rb2+ 41. Re2 Rxe2+ 42. Kxe2 fxe6 43. dxe6 Nf8 44. Ke3 Kd8 45. Kd4 Kc7 46. Kc5
a4 47. a3 g5 48. Kb5 Kd6 49. Kxa4 Nxe6 50. Bxe6 Kxe6 51. Kb5 Kd6 52. a4 e5 53.
a5 1-0

[Event "Prestwick Airport Major"]
[Site "Prestwick"]
[Date "2011.05.14"]
[Round "3"]
[White "Lampard, Alice"]
[Black "Smalls, Jim A"]
[Result "1/2-1/2"]
[WhiteElo "1357"]
[BlackElo "1766"]
[PlyCount "70"]
[EventDate "2011.05.15"]
[EventRounds "5"]
[EventCountry "SCO"]

1. e4 c5 2. Nc3 Nc6 3. g3 g6 4. Bg2 Bg7 5. Nge2 e6 6. d3 Nge7 7. Be3 d6 8. f4
Rb8 9. a4 O-O 10. Qd2 a6 11. O-O b5 12. axb5 axb5 13. h3 Nd4 14. Nd1 Nxe2+ 15.
Qxe2 f5 16. c3 Qc7 17. Nf2 b4 18. d4 bxc3 19. bxc3 cxd4 20. cxd4 Rb3 21. Rab1
Qb6 22. Rxb3 Qxb3 23. e5 dxe5 24. dxe5 Rd8 25. Rd1 Rxd1+ 26. Nxd1 Nd5 27. Bf2
Bf8 28. Qf3 Qb1 29. Kh2 Bb7 30. Nc3 Qb2 31. Nxd5 Bxd5 32. Qe3 Bxg2 33. Kxg2
Qb7+ 34. Qf3 Qb2 35. Qc6 Qb1 1/2-1/2

[Event "Prestwick Airport Major"]
[Site "Prestwick"]
[Date "2011.05.14"]
[Round "3"]
[White "Lampard, Stuart"]
[Black "Malcolm, Duncan"]
[Result "0-1"]
[WhiteElo "1347"]
[BlackElo "1662"]
[PlyCount "92"]
[EventDate "2011.05.15"]
[EventRounds "5"]
[EventCountry "SCO"]

1. e4 e6 2. d4 d5 3. Nd2 Nf6 4. e5 Nfd7 5. Bd3 c5 6. c3 Nc6 7. Ne2 Qb6 8. Nf3
Be7 9. O-O O-O 10. b3 cxd4 11. cxd4 f6 12. Bb2 fxe5 13. dxe5 Qc7 14. Rc1 Rxf3
15. gxf3 Ndxe5 16. Bxe5 Qxe5 17. Ng3 Bg5 18. Re1 Qf6 19. Rc5 Bf4 20. Qc2 Bd7
21. Bxh7+ Kf7 22. Bg6+ Qxg6 23. Qxg6+ Kxg6 24. Ne2 Bd6 25. Rc2 Rh8 26. Ng3 Nd4
27. Rcc1 Nxf3+ 28. Kg2 Nxe1+ 29. Rxe1 Kf7 30. Rh1 Bc6 31. f3 Kf6 32. Ne2 e5 33.
h3 g5 34. Rf1 Bb5 35. Rf2 Bc5 36. Nc3 Bxf2 37. Nxd5+ Kf7 38. Kxf2 Rxh3 39. Kg2
Rh4 40. Kg3 Bc6 41. Nc3 Rf4 42. Ne2 Rxf3+ 43. Kg4 Kf6 44. b4 Rf2 45. Nc3 Rf4+
46. Kg3 Rf3+ 0-1

[Event "Prestwick Airport Major"]
[Site "Prestwick"]
[Date "2011.05.14"]
[Round "3"]
[White "MacQueen, Andrew"]
[Black "Milton, Carl"]
[Result "1-0"]
[WhiteElo "1715"]
[BlackElo "676"]
[PlyCount "59"]
[EventDate "2011.05.15"]
[EventRounds "5"]
[EventCountry "SCO"]

1. e4 c5 2. Nf3 Nc6 3. d4 cxd4 4. Nxd4 Nf6 5. Nc3 d6 6. f3 Bd7 7. Be3 e6 8. Qd2
Be7 9. O-O-O a6 10. g4 O-O 11. h4 b5 12. h5 h6 13. Nxc6 Bxc6 14. Bd3 Nh7 15.
Ne2 a5 16. Nd4 Qd7 17. f4 Nf6 18. Nxc6 Qxc6 19. Qg2 e5 20. g5 hxg5 21. fxg5 Nd7
22. g6 f6 23. h6 Rac8 24. hxg7 Kxg7 25. Rh7+ Kg8 26. Rdh1 f5 27. Rh8+ Kg7 28.
R1h7+ Kf6 29. Bg5+ Ke6 30. Rxe7# 1-0

[Event "Prestwick Airport Major"]
[Site "Prestwick"]
[Date "2011.05.14"]
[Round "3"]
[White "Malkin, Jamie"]
[Black "McCurley, Arthur"]
[Result "1-0"]
[WhiteElo "1618"]
[BlackElo "1487"]
[PlyCount "55"]
[EventDate "2011.05.15"]
[EventRounds "5"]
[EventCountry "SCO"]

1. e4 e6 2. d4 d5 3. exd5 exd5 4. Bd3 Bd6 5. Nf3 Ne7 6. O-O Nbc6 7. c3 Bg4 8.
Re1 Qd7 9. Bg5 f6 10. Bh4 O-O-O 11. Nbd2 Nf5 12. Bg3 Nxg3 13. fxg3 Bf5 14. Qc2
Bxd3 15. Qxd3 g5 16. Nb3 Rde8 17. Qb5 Ne7 18. Qd3 c6 19. Nc5 Bxc5 20. dxc5 Ng6
21. Nd4 Ne5 22. Qf5 Qxf5 23. Nxf5 Kc7 24. Ng7 Re7 25. Nh5 Rhe8 26. Rf1 Nd3 27.
Nxf6 Rf8 28. Nxd5+ 1-0

[Event "Prestwick Airport Major"]
[Site "Prestwick"]
[Date "2011.05.14"]
[Round "3"]
[White "Monaghan, Mark"]
[Black "Pearson, Walter J"]
[Result "1-0"]
[WhiteElo "1675"]
[BlackElo "1505"]
[PlyCount "131"]
[EventDate "2011.05.15"]
[EventRounds "5"]
[EventCountry "SCO"]

1. d4 Nf6 2. c4 c5 3. dxc5 Na6 4. Nc3 e6 5. Nf3 Bxc5 6. e3 O-O 7. Bd3 Nb4 8.
Bb1 d5 9. a3 Nc6 10. b4 Be7 11. c5 b6 12. b5 Na5 13. c6 a6 14. a4 Qc7 15. O-O
Ra7 16. Nd4 Bb4 17. Na2 Bc5 18. Nb3 Nxb3 19. Qxb3 axb5 20. axb5 e5 21. Bb2 Be6
22. Qd1 Rfa8 23. Nc3 Rxa1 24. Bxa1 g6 25. Bb2 d4 26. Ne4 Nxe4 27. Bxe4 dxe3 28.
fxe3 Bxe3+ 29. Kh1 Bc4 30. Rf3 Bd4 31. Bxd4 exd4 32. Bd3 Bd5 33. Rf2 Qa7 34. h3
Qa1 35. Qxa1 Rxa1+ 36. Kh2 Rd1 37. Bc2 Ra1 38. Rd2 Ra2 39. c7 Bb7 40. Be4 Rxd2
41. Bxb7 Rc2 42. c8=Q+ Rxc8 43. Bxc8 Kf8 44. Kg1 Ke7 45. Kf2 Kd6 46. Bb7 f5 47.
Ke2 Kc5 48. Bc6 Kc4 49. Kd2 g5 50. Bd7 g4 51. h4 f4 52. Bxg4 Kxb5 53. Kd3 Kc5
54. Ke4 b5 55. Kxf4 b4 56. Be6 h6 57. g4 Kd6 58. Bc4 Kc5 59. Bb3 Kd6 60. Ke4 d3
61. Kxd3 Ke5 62. Ke3 Kf6 63. Kf4 Kg6 64. Ke5 h5 65. g5 Kg7 66. Kf5 1-0

[Event "Prestwick Airport Major"]
[Site "Prestwick"]
[Date "2011.05.14"]
[Round "3"]
[White "Murphy, George A A"]
[Black "Moore, Robin"]
[Result "1-0"]
[WhiteElo "1739"]
[BlackElo "1581"]
[PlyCount "71"]
[EventDate "2011.05.15"]
[EventRounds "5"]
[EventCountry "SCO"]

1. Nf3 Nf6 2. c4 g6 3. Nc3 Bg7 4. g3 O-O 5. Bg2 d6 6. O-O c5 7. d4 a6 8. h3 Qc7
9. d5 Bd7 10. a4 a5 11. e4 Na6 12. Bf4 Nh5 13. Bd2 f5 14. exf5 gxf5 15. Ng5 Nf6
16. Re1 Rae8 17. Ne6 Bxe6 18. Rxe6 Nb4 19. Ne2 Nd7 20. Bc3 Ne5 21. Nf4 Rf7 22.
Qe2 Qd7 23. Nh5 Bh8 24. f4 Ng6 25. Bxh8 Kxh8 26. Re1 Qxa4 27. Nf6 Ref8 28. Nxh7
Rxh7 29. Rxg6 Qc2 30. Qe6 Qxb2 31. Qd7 Nd3 32. Rxe7 Qf2+ 33. Kh2 Rh5 34. Re8
Rxh3+ 35. Kxh3 Nxf4+ 36. gxf4 1-0

[Event "Prestwick Airport Major"]
[Site "Prestwick"]
[Date "2011.05.14"]
[Round "3"]
[White "O'Brien, Robert J"]
[Black "Calder, John"]
[Result "0-1"]
[WhiteElo "1566"]
[BlackElo "1797"]
[PlyCount "74"]
[EventDate "2011.05.15"]
[EventRounds "5"]
[EventCountry "SCO"]

1. d4 Nf6 2. Nf3 d6 3. Bf4 Nbd7 4. Nbd2 c6 5. e3 Qc7 6. h3 h6 7. Bd3 g5 8. Bh2
Bg7 9. c3 O-O 10. O-O Re8 11. Qc2 e5 12. dxe5 Nxe5 13. Nxe5 dxe5 14. Bf5 Bxf5
15. Qxf5 Qd7 16. Qxd7 Nxd7 17. e4 Nc5 18. f3 Nd3 19. b3 Bf8 20. g3 b5 21. b4 a5
22. bxa5 Rxa5 23. Nb3 Ra3 24. Kh1 c5 25. c4 bxc4 26. Nd2 Nb2 27. Nb1 Rd3 28. a4
c3 29. Na3 Ra8 30. f4 Rxa4 31. fxg5 hxg5 32. h4 c4 33. Nc2 Rxa1 34. Rxa1 g4 35.
Ne1 Bc5 36. Kg2 Rd2+ 37. Kh1 Nd3 0-1

[Event "Prestwick Airport Major"]
[Site "Prestwick"]
[Date "2011.05.14"]
[Round "3"]
[White "Potts, David A"]
[Black "Mulholland, Arthur L"]
[Result "1/2-1/2"]
[WhiteElo "1477"]
[BlackElo "1687"]
[PlyCount "76"]
[EventDate "2011.05.15"]
[EventRounds "5"]
[EventCountry "SCO"]

1. c4 Nf6 2. g3 Nc6 3. Bg2 e5 4. Nc3 Be7 5. d3 O-O 6. e4 d6 7. Nge2 Re8 8. O-O
Bg4 9. f3 Bh5 10. h3 h6 11. g4 Bg6 12. f4 exf4 13. Nxf4 Ne5 14. Ncd5 Nxd5 15.
Nxd5 Bh4 16. Bf4 c6 17. Ne3 Qb6 18. d4 Nd7 19. Nf5 Bxf5 20. gxf5 Nf6 21. Bxd6
Nxe4 22. Bxe4 Rxe4 23. c5 Qxb2 24. Rb1 Qxa2 25. Rxb7 Re2 26. Qb3 Qxb3 27. Rxb3
Rd2 28. Rb4 a5 29. Rb6 Rc8 30. Ra6 Ra2 31. Rd1 Bf2+ 32. Kh1 Be3 33. d5 cxd5 34.
Rxd5 Rd2 35. Rxd2 Bxd2 36. c6 a4 37. c7 Bb4 38. Bxb4 Rxc7 1/2-1/2